Loading...
| Science - Physics | 0 | 7 | 2 | 1 | 60 | 31 | 40.00 | 3 | 7 | 40.20 | 50.00 |
| Science - Other | 0 | 7 | 2 | 0 | 60 | 7 | 51.57 | 4 | 6 | 36.75 | 50.00 |
| Science - Chemistry | 0 | 7 | 4 | 0 | 50 | 16 | 36.14 | 6 | 7 | 41.26 | 61.36 |
| Science - Biology | 0 | 5 | 3 | 0 | 35 | 21 | 35.80 | 2 | 5 | 29.57 | 38.64 |
| Social Science | 0 | 1 | 0 | 0 | 10 | 56 | 56.00 | 0 | 1 | 6.31 | 9.38 |
| Literature - European | 0 | 1 | 0 | 0 | 10 | 90 | 90.00 | 1 | 1 | 2.91 | 10.00 |
| Literature - World | 0 | 1 | 0 | 0 | 10 | 22 | 22.00 | 1 | 1 | 7.20 | 9.09 |
| Popular Culture | 0 | 1 | 0 | 0 | 10 | 52 | 52.00 | 0 | 1 | 8.79 | 12.50 |
| History - Other | 0 | 1 | 0 | 0 | 10 | 63 | 63.00 | 1 | 1 | 3.42 | 9.09 |
| Literature - American | 0 | 0 | 0 | 0 | 0 | 0.00 | 0 | 0 | 0.00 | 0.00 |